<?xml version="1.0" encoding="UTF-8"?>
<record
    xmlns:xsi="http://www.w3.org/2001/XMLSchema-instance"
    xsi:schemaLocation="http://www.loc.gov/MARC21/slim http://www.loc.gov/standards/marcxml/schema/MARC21slim.xsd"
    xmlns="http://www.loc.gov/MARC21/slim">

  <leader>00753nam a2200193Ia 4500</leader>
  <controlfield tag="005">20260312120433.0</controlfield>
  <controlfield tag="008">220524s9999    xx            000 0 und d</controlfield>
  <datafield tag="020" ind1=" " ind2=" ">
    <subfield code="a">9782940373680</subfield>
  </datafield>
  <datafield tag="041" ind1=" " ind2=" ">
    <subfield code="a">eng</subfield>
  </datafield>
  <datafield tag="082" ind1=" " ind2=" ">
    <subfield code="a">659</subfield>
    <subfield code="b">BOW</subfield>
  </datafield>
  <datafield tag="100" ind1=" " ind2=" ">
    <subfield code="a">Bowdery Rob</subfield>
    <subfield code="9">217079</subfield>
  </datafield>
  <datafield tag="245" ind1=" " ind2=" ">
    <subfield code="a">Basics Advertising o1: Copywriting</subfield>
    <subfield code="b">The Creative Process of Writing text for Advertisements or Publicity Material</subfield>
  </datafield>
  <datafield tag="260" ind1=" " ind2=" ">
    <subfield code="b">A.V.A.</subfield>
    <subfield code="c">2008</subfield>
    <subfield code="a">Switzerland</subfield>
  </datafield>
  <datafield tag="300" ind1=" " ind2=" ">
    <subfield code="a">175</subfield>
  </datafield>
  <datafield tag="520" ind1=" " ind2=" ">
    <subfield code="a">1.	Writing With Purpose
2.	Understanding Your Product
3.	Knowing Your Audience
4.	Mastering The Language
5.	Sharpening Your Style
6.	Rules And Restrictions
7.	Creating Effective Copy
8.	Advertising Around The World
</subfield>
  </datafield>
  <datafield tag="650" ind1=" " ind2=" ">
    <subfield code="a">Advertising</subfield>
    <subfield code="9">217080</subfield>
  </datafield>
  <datafield tag="906" ind1=" " ind2=" ">
    <subfield code="a">101</subfield>
  </datafield>
  <datafield tag="942" ind1=" " ind2=" ">
    <subfield code="c">BK</subfield>
  </datafield>
  <datafield tag="999" ind1=" " ind2=" ">
    <subfield code="c">6167</subfield>
    <subfield code="d">6167</subfield>
  </datafield>
  <datafield tag="952" ind1=" " ind2=" ">
    <subfield code="0">0</subfield>
    <subfield code="1">0</subfield>
    <subfield code="2">ddc</subfield>
    <subfield code="4">0</subfield>
    <subfield code="7">0</subfield>
    <subfield code="a">SOFT</subfield>
    <subfield code="b">SOFT</subfield>
    <subfield code="d">2010-04-02</subfield>
    <subfield code="e">Pankaj Pub.International</subfield>
    <subfield code="g">1174.65</subfield>
    <subfield code="l">7</subfield>
    <subfield code="o">659 BOW</subfield>
    <subfield code="p">SOFT-BK-511</subfield>
    <subfield code="r">2025-02-17 00:00:00</subfield>
    <subfield code="s">2025-02-11</subfield>
    <subfield code="v">1174.65</subfield>
    <subfield code="w">2022-07-08</subfield>
    <subfield code="y">BK</subfield>
    <subfield code="z">000511</subfield>
  </datafield>
  <datafield tag="952" ind1=" " ind2=" ">
    <subfield code="0">0</subfield>
    <subfield code="1">0</subfield>
    <subfield code="2">ddc</subfield>
    <subfield code="4">0</subfield>
    <subfield code="7">0</subfield>
    <subfield code="a">SOFT</subfield>
    <subfield code="b">SOFT</subfield>
    <subfield code="d">2013-10-14</subfield>
    <subfield code="e">Pankaj Pub. International</subfield>
    <subfield code="g">1882.96</subfield>
    <subfield code="l">8</subfield>
    <subfield code="o">659 BOW</subfield>
    <subfield code="p">SOFT-BK-1537</subfield>
    <subfield code="r">2025-01-13 00:00:00</subfield>
    <subfield code="s">2025-01-08</subfield>
    <subfield code="v">1468.71</subfield>
    <subfield code="w">2022-07-08</subfield>
    <subfield code="y">BK</subfield>
    <subfield code="z">001537</subfield>
  </datafield>
  <datafield tag="952" ind1=" " ind2=" ">
    <subfield code="0">0</subfield>
    <subfield code="1">0</subfield>
    <subfield code="2">ddc</subfield>
    <subfield code="4">0</subfield>
    <subfield code="7">0</subfield>
    <subfield code="a">SOFT</subfield>
    <subfield code="b">SOFT</subfield>
    <subfield code="d">2026-03-02</subfield>
    <subfield code="e">Design Book Studio</subfield>
    <subfield code="g">2323.69</subfield>
    <subfield code="i">367</subfield>
    <subfield code="l">0</subfield>
    <subfield code="o">659 BOW</subfield>
    <subfield code="p">SOFT-BK-5002</subfield>
    <subfield code="r">2026-03-10 12:10:01</subfield>
    <subfield code="t">25%</subfield>
    <subfield code="v">3098.26</subfield>
    <subfield code="w">2026-02-23</subfield>
    <subfield code="y">BK</subfield>
  </datafield>
</record>
